Statistiche per Guerre del XIV secolo

Clicka qui per fare il quiz!

Statistiche generali

  • Questo quiz è stato fatto 14 volte
  • Il punteggio medio è 11 su 21

Statistiche sulle risposte

DataLuoghi dei conflittiRisposta% Corretto
1337 - 1453Francia, Inghilterra, Castiglia, Paesi BassiGuerra dei cent'anni
100%
1312 - 1350AndalusiaReconquista di Alfonso XI
80%
1365Egitto, Libano, SiriaCrociata alessandrina
60%
1365-1366Tracia, BulgariaCrociata contro i turchi
60%
1396BulgariaCrociata di Nicopoli
60%
1343 - 1351Asia minoreCrociata di Smirne
60%
1283 - 1410Lituania, Samogizia, Prussia, LivoniaCrociata lituana
60%
1386SvizzeraEspansione della Confederazione Svizzera
60%
1297 - 1305FiandreGuerra di Fiandra
60%
1327 - 1339LombardiaGuerra di successione della signoria di MIlano
60%
1378 - 1381Mediterraneo orientale, Dalmazia, Laguna venetaQuarta guerra veneziano-genovese
60%
1350 - 1355Mediterraneo, BosforoTerza guerra veneziano-genovese
60%
1341 - 1347Tessaglia, Macedonia, Tracia, BisanzioGuerra civile bizantina
40%
1389 - 1392Lituania, PrussiaGuerra civile lituana
40%
1291 - 1315SvizzeraGuerra d'indipendenza svizzera
40%
1353 - 1420SardegnaGuerra sardo-catalana
40%
1301 - 1453Asia minore, BalcaniGuerre bizantino-ottomane
40%
1345 - 1396BalcaniGuerre bulgaro-ottomane
40%
1358FranciaJacquerie del 1358
40%
1378FirenzeRivolta dei Ciompi
40%
1381InghilterraRivolta dei contadini
40%

Distribuzione punteggi

Percentile per numero di risposta

Percentuale di utenti per punteggio

I tuoi punteggi nel tempo

Non hai fatto questo quiz